The Missing Technician: (Record no. 183140)
[ view plain ]
| 000 -LEADER | |
|---|---|
| fixed length control field | 00869 a2200169 4500 |
| 003 - CONTROL NUMBER IDENTIFIER | |
| control field | NUST |
| 005 - DATE AND TIME OF LATEST TRANSACTION | |
| control field | 20230719094706.0 |
| 040 ## - CATALOGING SOURCE | |
| Transcribing agency | Nust |
| 082 ## - DEWEY DECIMAL CLASSIFICATION NUMBER | |
| Classification number | 609.2,GLO |
| 100 ## - MAIN ENTRY--PERSONAL NAME | |
| Personal name | Gloag, John |
| 9 (RLIN) | 113718 |
| 245 ## - TITLE STATEMENT | |
| Title | The Missing Technician: |
| Remainder of title | in industrial Production / |
| Statement of responsibility, etc. | John Gloag |
| 260 ## - PUBLICATION, DISTRIBUTION, ETC. | |
| Place of publication, distribution, etc. | London |
| Name of publisher, distributor, etc. | George Allen |
| Date of publication, distribution, etc. | 1945 |
| 300 ## - PHYSICAL DESCRIPTION | |
| Other physical details | 90:p. |
| 505 ## - FORMATTED CONTENTS NOTE | |
| Formatted contents note | Introduction by charles tennyson (Page-7), Why missing (Page-11), Industrial design as a technical operation (Page-22), Design research committees in operation (Page-36), Cost royalities and patent rigts (Page-43), Selecting designers (Page-51), Examples of work by design committee (Page-60), The effect of new materials on design (Page-71),Old materials with new properties (Page-93), National character in industrial design (Page-100). |
| 650 ## - SUBJECT ADDED ENTRY--TOPICAL TERM | |
| Topical term or geographic name entry element | The Missing Technician |
| 9 (RLIN) | 113719 |
| 942 ## - ADDED ENTRY ELEMENTS (KOHA) | |
| Source of classification or shelving scheme | |
| Koha item type | Book |
| Call number prefix | 609.2,GLO |
| Withdrawn status | Lost status | Source of classification or shelving scheme | Damaged status | Not for loan | Permanent Location | Current Location | Shelving location | Date acquired | Full call number | Barcode | Date last seen | Price effective from | Koha item type | Public note |
|---|---|---|---|---|---|---|---|---|---|---|---|---|---|---|
| Military College of Signals (MCS) | Military College of Signals (MCS) | General Stacks | 12/12/2016 | 609.2,GLO | MCS30000 | 12/08/2016 | 12/12/2016 | Book | Almirah No.88, Shelf No.1 |
